Loading...
| Auditory Arts | 4 | 7.50 | 75% | 0% | 0% |
| Beliefs | 8 | 12.50 | 100% | 25% | 0% |
| Fine Arts - Other Arts | 2 | 10.00 | 100% | 0% | 0% |
| History - American History | 3 | 13.33 | 100% | 33% | 0% |
| History - Ancient History | 3 | 13.33 | 67% | 33% | 33% |
| History - European History | 2 | 15.00 | 100% | 50% | 0% |
| History - Other History | 1 | 20.00 | 100% | 100% | 0% |
| History - World History | 4 | 12.50 | 100% | 25% | 0% |
| Literature - American Literature | 4 | 12.50 | 100% | 0% | 25% |
| Literature - British Literature | 3 | 13.33 | 100% | 0% | 33% |
| Literature - European Literature | 4 | 12.50 | 100% | 25% | 0% |
| Literature - World Literature | 4 | 10.00 | 100% | 0% | 0% |
| Science - Biology | 1 | 10.00 | 100% | 0% | 0% |
| Science - Chemistry | 2 | 5.00 | 50% | 0% | 0% |
| Science - Other Science | 3 | 13.33 | 67% | 33% | 33% |
| Science - Physics | 4 | 17.50 | 100% | 50% | 25% |
| Social Science | 4 | 12.50 | 100% | 25% | 0% |
| Visual Arts | 5 | 10.00 | 100% | 0% | 0% |